A field manual for railroad engineers, (Record no. 547315)
[ view plain ]
| 000 -LEADER | |
|---|---|
| fixed length control field | 00482cam a22001571 4500 |
| 082 ## - DEWEY DECIMAL CLASSIFICATION NUMBER | |
| Classification number | 625.1 |
| Author Mark | NAG |
| -- | L-18, P-1 |
| 100 1# - MAIN ENTRY--PERSONAL NAME | |
| Personal name | Nagle, J. C. |
| 9 (RLIN) | 43521 |
| 245 12 - TITLE STATEMENT | |
| Title | A field manual for railroad engineers, |
| Statement of responsibility, etc. | by J. C. Nagle ... |
| 250 ## - EDITION STATEMENT | |
| Edition statement | 3d ed., |
| 260 ## - PUBLICATION, DISTRIBUTION, ETC. | |
| Place of publication, distribution, etc. | New York, |
| Name of publisher, distributor, etc. | John Wiley & Sons, inc.; [etc., etc.] |
| Date of publication, distribution, etc. | 1917. |
| 300 ## - PHYSICAL DESCRIPTION | |
| Extent | xix, 499 p. |
| Other physical details | diagrs. |
| Dimensions | 18 cm. |
| 526 ## - STUDY PROGRAM INFORMATION NOTE | |
| Program name | 0 |
| Interest level | 0 |
| Reading level | 0 |
| Title point value | 625_100000000000000_NAG |
| 650 #0 - SUBJECT ADDED ENTRY--TOPICAL TERM | |
| Topical term or geographic name entry element | MCE |
| 9 (RLIN) | 379 |
| 650 #0 - SUBJECT ADDED ENTRY--TOPICAL TERM | |
| Topical term or geographic name entry element | Railroad engineering |
| 942 ## - ADDED ENTRY ELEMENTS (KOHA) | |
| Source of classification or shelving scheme | |
| Koha item type | Book |
| Withdrawn status | Lost status | Source of classification or shelving scheme | Damaged status | Not for loan | Permanent Location | Current Location | Date acquired | Total Checkouts | Full call number | Barcode | Date last seen | Price effective from | Koha item type |
|---|---|---|---|---|---|---|---|---|---|---|---|---|---|
| Military College of Engineering (MCE) | Military College of Engineering (MCE) | 07/08/2014 | 625.1 NAG | MCE-4528 | 07/08/2014 | 07/08/2014 | Book |
